000 00254nam a2200109Ia 4500
008 200302s9999 xx 000 0 und d
100 _aXavier Greffe
245 _aManaging Our Cultural Heritage
260 _bAryan Books
260 _c2001
300 _a195 P
999 _c4375
_d4375